Ultrathin alumina sol-gel-derived films : Allowing direct detection of the liver fibrosis markers by capacitance measurement /
Wedi'i Gadw mewn:
| Awduron Eraill: | , , , , |
|---|---|
| Fformat: | Erthygl |
| Iaith: | English |
| Pynciau: | |
| Tagiau: |
Ychwanegu Tag
Dim Tagiau, Byddwch y cyntaf i dagio'r cofnod hwn!
|
| Thư viện lưu trữ: | Thư viện Trường Đại học Đà Lạt |
|---|
| LEADER | 01069nam a2200361 4500 | ||
|---|---|---|---|
| 001 | DLU090097319 | ||
| 005 | ##20091201 | ||
| 040 | # | # | |a DLU |b eng |
| 041 | # | # | |a eng |
| 044 | # | # | |a us |
| 245 | # | # | |a Ultrathin alumina sol-gel-derived films : Allowing direct detection of the liver fibrosis markers by capacitance measurement / |c Dechen Jiang ... [et al.]. |
| 653 | # | # | |a Alumina |
| 653 | # | # | |a Antibody |
| 653 | # | # | |a Capacitance |
| 653 | # | # | |a Hyaluronan |
| 653 | # | # | |a Immunosensor |
| 653 | # | # | |a Potentiostatic method |
| 653 | # | # | |a Sol gel process |
| 700 | # | # | |a Jiang, Dechen. |
| 700 | # | # | |a Kong, Jilie. |
| 700 | # | # | |a Liu, Baohong. |
| 700 | # | # | |a Tang, Jia. |
| 700 | # | # | |a Yang, Pengyuan. |
| 773 | # | # | |t Analytical Chemistry |g Vol. 75, no. 17 (September 2003), p. 4578-4584 |
| 920 | # | # | |a Phòng Tạp chí -- Trung tâm Thông tin - Thư viện Trường Đại học Đà Lạt |
| 994 | # | # | |a DLU |
| 900 | # | # | |a True |
| 911 | # | # | |a Trương Bảo Trâm Anh |
| 925 | # | # | |a G |
| 926 | # | # | |a A |
| 927 | # | # | |a BB |
| 980 | # | # | |a Thư viện Trường Đại học Đà Lạt |